000 00778nam a2200193 a 4500
001 000041170
005 20201002034657.0
008 130920s1987 sp 000 0 spa d
020 _a8400065204
040 _aDO-SdBNP
_bspa
_cBNPHU
100 1 _aNaranjo Orovio, Consuelo.
_915153
245 1 0 _aCuba vista por el emigrante Español a la isla, 1900-1959 :
_bun ensayo de historia oral /
_cpor Consuelo Naranjo Orovio.
260 _aMadrid :
_bCentro de Estudios Históricos.,
_c1987.
300 _a164 p. ;
_c21 cm.
490 1 _aAnexos de Revista de Indias
_v3
710 2 _aCentro de Estudios Histórico. Departamento de Historia Medieval
_967730
710 2 _aConsejo Superior de Investigaciones Sientíficas (España)
_963726
830 0 _aAnexos de Revista de Indias
_v3
_941145
999 _c40660
_d40660